G for Gobar/ (Record no. 205228)

MARC details
000 -LEADER
fixed length control field 00553nam a22001937a 4500
005 - DATE AND TIME OF LATEST TRANSACTION
control field 20240823112348.0
010 ## - LCCN (DPL NO)
LC control number ENG-141396
020 ## - INTERNATIONAL STANDARD BOOK NUMBER
International Standard Book Number 9789391317294
Terms of availability 300.00
035 ## - SYSTEM CONTROL NUMBER
System control number EN-124928
037 ## - SOURCE OF ACQUISITION
Source of stock number/acquisition DBAD
082 ## - DEWEY DECIMAL CLASSIFICATION NUMBER
Classification number S
Edition number 1
100 ## - MAIN ENTRY--PERSONAL NAME
Personal name Mavani, Sagar
245 ## - TITLE STATEMENT
Title G for Gobar/
Statement of responsibility, etc By Sagar Mavani
260 ## - PUBLICATION, DISTRIBUTION, ETC. (IMPRINT)
Place of publication, distribution, etc Noida
Name of publisher, distributor, etc Jitendra Anand Infratech Private Limited
Date of publication, distribution, etc 2021
270 ## - ADDRESS
Address 2203, Express Trade Towers-2, Sector-132,
City Noida
Postal code 201304
Electronic mail address jaipl3e@gmail.com
300 ## - PHYSICAL DESCRIPTION
Extent 285p.
Dimensions 22cm(pb)
700 ## - ADDED ENTRY--PERSONAL NAME
9 (RLIN) 70456
942 ## - ADDED ENTRY ELEMENTS (KOHA)
Source of classification or shelving scheme Dewey Decimal Classification
Item type English Books
Classification part S
Call number suffix MAV
Holdings
Withdrawn status Lost status Not for loan Collection code Home library Current library Date acquired Source of acquisition Cost, normal purchase price Full call number Barcode Copy number Cost, replacement price Koha item type
      Fiction Shahdara Branch Shahdara Branch 23/08/2024 DBAD 300.00 S MAV EN-124928 1 300.00 English Books

© Delhi Public Library
Hit Counter
free hit counter